000
00326nam a2200121Ia 4500
008
220216s9999 xx 000 0 und d
100
_a
Hajra S G
245
0
_a
Effect of stick plant vigour on the growth of scion in Hevea brasiliensis
260
_b
Phytobreedon
_c
1989
300
_a
46-48
700
_a
Hajra N G
942
_c
JS
999
_c
58155
_d
58155